[Event "CZE-chT2F 1617"]
[Site "Czech Republic"]
[Date "2016.12.11"]
[Round "5.7"]
[White "Chytil, Petr"]
[Black "Beran, Petr"]
[Result "1-0"]
[WhiteElo "1894"]
[BlackElo "2041"]
[PlyCount "68"]
[EventDate "2016.10.09"]
[EventType "team-tourn"]
[EventRounds "11"]
[EventCountry "CZE"]
[SourceTitle "EXT 2022"]
[Source "ChessBase"]
[SourceDate "2021.10.06"]
[SourceVersion "1"]
[SourceVersionDate "2021.10.06"]
[SourceQuality "1"]
[WhiteTeam "Velke Losiny"]
[BlackTeam "Havirov Slovan"]
[WhiteTeamCountry "CZE"]
[BlackTeamCountry "CZE"]

1. d4 d5 2. Nf3 Nf6 3. c4 c6 4. Nc3 e6 5. Bg5 Nbd7 6. e3 Qa5 7. Bxf6 Nxf6 8. Nd2 Be7 9. Bd3 0-0 10. a3 e5 11. dxe5 Ng4 12. 0-0 Be6 13. h3 Nxe5 14. Nb3 Qc7 15. cxd5 cxd5 16. Rc1 Qb8 17. Be2 Rd8 18. Nd4 a6 19. f4 Nc4 20. Bxc4 dxc4 21. Qe2 Bc5 22. Nxe6 fxe6 23. Ne4 Qa7 24. Nxc5 Qxc5 25. Rxc4 Qb6 26. Rb4 Qa7 27. Qf3 Rd7 28. Rc1 b5 29. Qe4 Re8 30. Rc6 e5 31. fxe5 Rd1+ 32. Kh2 Qb8 33. Rd6 Qc7 34. Qd5+ Kf8 1-0